Регионална библиотека "Любен Каравелов" - Русе

Изпитът по български език и литература (Запис номер 101900)

MARC детайли
000 -Лидер
Контролно поле с фиксирана дължина 01992nam a2200409 c 4500
003 - Код на организацията, давaща контролен номер
Контролно поле BLK
005 - Дата и час на последна редакция
Контролно поле 20230407030346.0
008 - Елементи от данни с фиксирана дължина
fixed length control field 180409b bul|||||r ||||||| ||bul||
010 ## - Наследен системен номер
LC control number KNG00106957000
020 ## - Международен стандартен номер на книга ISBN
Международен стандартен номер на книга ISBN 954-8976-28-5
-- издат.: Стандарт
040 ## - Източник на каталожния запис
Идентификатор на билиотеката - собственик на записа BLK
041 ## - Код за език
Код за езика на текст/звукозапис или на отделно заглавие Български
Код за езика КДБФ Български
080 ## - УДК
Текстов определител УДК Българска литература
УДК код - определител по УДК 821.163.2
УДК определител .09(07)
УДК - код + определител 821.163.2.09(07)
100 1# - Редна дума - Автор
Автор Влахова, Радка Василева
Авторска отговорност първи автор
Автор - информация (биография) Влахова-Руйкова, Радка Василева
R(LIN) 366436
139 ## - Редно поле
Редна дума Изпитът по български език и литература
Авторски знак Изн - И 45
245 10 - Сведения за заглавието
Заглавие Изпитът по български език и литература
Подзаглавни данни В помощ на кандидат-студенти и зрелостници
Редно поле (дума) Радка Василева Влахова; * Йовка Великова Тишева; * Гергана Кирилова Дачева; * Паулина Теодорова Стойчева; * Валентина Наумова Христова.
257 ## - Страна на издаване
Страна на създаване/издаване България
260 ## - Област на издателските данни
-- София
Име на издателя, разпространителя и проч. Стандарт
Година на издаване 2003
Печатница Враца : Полипринт
300 ## - Физическа характеристика
Страници 252 с.
Размери/Мащаб 21 см
380 ## - Жанр
Жанр Литературознание
500 ## - Общи забележки
Забележка Офс. изд.
650 #4 - Допълнително описание по предмет – тема
Основно описание – тема или топоним Българска литература - учебни помагала
9 (RLIN) 242720
653 ## - Ключова дума – ненормативна
Ключова дума българска литература
653 ## - Ключова дума – ненормативна
Ключова дума учебни помагала
653 ## - Ключова дума – ненормативна
Ключова дума кандидатстудентски изпити
653 ## - Ключова дума – ненормативна
Ключова дума матури
653 ## - Ключова дума – ненормативна
Ключова дума зрелостни изпити
700 1# - Други автори (авторска отговорност)
Лично име Тишева, Йовка Великова
Автороска отговорност (Описва отношението между автора и произведението) *
9 (RLIN) 366283
700 1# - Други автори (авторска отговорност)
Лично име Дачева, Гергана Кирилова
Автороска отговорност (Описва отношението между автора и произведението) *
9 (RLIN) 371918
700 1# - Други автори (авторска отговорност)
Лично име Стойчева, Паулина Теодорова
Автороска отговорност (Описва отношението между автора и произведението) *
9 (RLIN) 308976
700 1# - Други автори (авторска отговорност)
Лично име Христова, Валентина Наумова
Автороска отговорност (Описва отношението между автора и произведението) *
9 (RLIN) 308977
852 ## - Местоположение
Форматна сигнатура Цб 215260
856 4# - Електронен адрес и достъп
Електронен формат pdf - файл
Път до файла /url/
856 4# - Електронен адрес и достъп
Електронен формат pdf - файл
Път до файла /url/
942 ## - АРТИКУЛИ
Вид на библиотечния материал Книги
Скрит в OPAC Не
944 ## - СЪЗДАВАНЕ И РЕДАКЦИЯ на ЗАПИСА
Създаване/Редакция Създаване
Дата на регистрацията/редакция 09.07.2003
Служител, извършил регистрацията/редакцията Цветанка_Енчева
944 ## - СЪЗДАВАНЕ И РЕДАКЦИЯ на ЗАПИСА
Създаване/Редакция Редакция
Дата на регистрацията/редакция 23.09.2004
Служител, извършил регистрацията/редакцията
999 ## - СИСТЕМНИ КОНТРОЛНИ НОМЕРА
Koha biblionumber 101900
Koha biblioitemnumber 101900
Наличности
Код за отписване Код за изгубен артикул Източник на класификационната схема Код за повреда Коз за рестрикции Код за отдаване Артикулен № Име на библиотеката - собственик Име на библиотеката, в която се намира в момента Статус (Текущо местоположение) Дата на вписване в системата Местоположение - отдел Цена в лева Инвентарен номер Систематично азбучна сигнатура Баркод Номер на екземпляра Цена в евро Служебна бележка Служебен тип на артикула
  Не е изгубен Universal Decimal Classification Не е повреден без рестрикции ползва се в читалня 164633 Регионална библиотека "Любен Каравелов" Русе Регионална библиотека "Любен Каравелов" Русе Читалня 2003-07-09 Читалня 9.00 120000677368 Ч 821.163.2.09/И 45 120000677368 1 4.60 Дост: Pk Вид: Ф N: 15922 Дата: 03.07.2003 Дата инв: 29.03.2017 Бележки инв: Ч2017 Книги
Изтеглен Не е изгубен Universal Decimal Classification Не е повреден без рестрикции заемане за дома 164634 Регионална библиотека "Любен Каравелов" Русе Регионална библиотека "Любен Каравелов" Русе Заемна - подръчен фонд 2004-09-20 Заемна - подръчен фонд 9.00 120000688602 П 886.7.09/И 45 120000688602 2 4.60 Дост: Pk Вид: Ф N: 8887 Дата: 08.09.2004 Книги
  Не е изгубен Universal Decimal Classification Не е повреден без рестрикции заемане за дома 164635 Регионална библиотека "Любен Каравелов" Русе Регионална библиотека "Любен Каравелов" Русе Заемна - подръчен фонд 2004-09-20 Заемна - подръчен фонд 9.00 120000688603 821.163.2.09/И 45 120000688603 3 4.60 Дост: Pk Вид: Ф N: 8887 Дата: 08.09.2004 Дата инв: 07.02.2018 Бележки инв: П2018 Книги
  Не е изгубен Universal Decimal Classification Не е повреден само за читалня ползва се в читалня 164636 Регионална библиотека "Любен Каравелов" Русе Регионална библиотека "Любен Каравелов" Русе Хранилище 2004-09-20 Основен фонд - ползва се само за читалня 9.00 120000688604 Цб 298764 120000688604 4 4.60 Дост: Pk Вид: Ф N: 8887 Дата: 08.09.2004 Дата инв: 07.02.2018 Бележки инв: П2018 Книги
Vip Innovations Ltd, Rousse, Bulgaria 2025